[Event "7th ch-Euro Senior"]
[Site "Hockenheim GER"]
[Date "2007.06.05"]
[Round "4"]
[White "Hutchinson,N"]
[Black "Tochtermann,G"]
[Result "1-0"]
[WhiteElo "2087"]
[BlackElo "1956"]

1.e4 d6 2.d4 Nf6 3.Nc3 c6 4.f4 g6 5.Nf3 Bg7 6.Bd3 Qc7 7.O-O O-O 8.Qe1 Qb6
9.e5 Nd5 10.Nxd5 cxd5 11.c3 e6 12.Kh1 Qd8 13.Qg3 Nc6 14.Qh3 Ne7 15.Ng5 h6
16.Nf3 f5 17.g4 dxe5 18.fxe5 fxg4 19.Qxg4 Qe8 20.Bd2 Nf5 21.Rg1 Kh7 22.Nh4 g5
23.Raf1 Bd7 24.Nxf5 exf5 25.Bxf5+ Bxf5 26.Rxf5 Qe7 27.h4 Rf7 28.hxg5 Rxf5
29.Qxf5+ Kh8 30.Qh3 Rg8 31.g6 Rf8 32.Bxh6 Bxh6 33.Qxh6+ Kg8 34.g7  1-0

[Event "XV Lasker Mem Open A"]
[Site "Barlinek POL"]
[Date "2007.06.06"]
[Round "5"]
[White "Owczarzak,J"]
[Black "Voloshin,L"]
[Result "1/2-1/2"]
[WhiteElo "2389"]
[BlackElo "2456"]

1.e4 d6 2.d4 Nf6 3.Nc3 e5 4.dxe5 dxe5 5.Qxd8+ Kxd8 6.Bg5 Be6 7.O-O-O+ Kc8
8.f4 exf4 9.Nf3 Bc5 10.Bxf4 h6 11.h3 Nc6 12.Bb5 Ne7 13.Nd4 Bxd4 14.Rxd4  1/2-1/2

[Event "29th Mem Nezhmetdinov"]
[Site "Kazan RUS"]
[Date "2007.06.06"]
[Round "6"]
[White "Gerasimov,I"]
[Black "Zablotsky,S"]
[Result "0-1"]
[WhiteElo "2262"]
[BlackElo "2500"]

1.e4 d6 2.d4 Nf6 3.Nc3 e5 4.Nf3 Nbd7 5.Bc4 Be7 6.O-O O-O 7.Re1 c6 8.a4 exd4
9.Nxd4 Ne5 10.Bf1 Re8 11.f4 Ng6 12.g3 d5 13.e5 Bc5 14.Kg2 Bg4 15.Be2 Bxe2
16.Rxe2 Nd7 17.Nf3 Qc7 18.b3 Re7 19.Bb2 Rae8 20.Na2 f6 21.e6 Nxf4+ 22.gxf4 Qxf4
23.Qf1 Rxe6 24.Rae1 Rxe2+ 25.Rxe2 Qg4+ 26.Kh1 Rxe2 27.Qxe2 Ne5 28.Nd4 Qh4
29.Nf5 Qf4 30.Ng3 g6 31.Nc1 Kf7 32.Bxe5 Qxc1+  0-1

[Event "29th Mem Nezhmetdinov"]
[Site "Kazan RUS"]
[Date "2007.06.08"]
[Round "8"]
[White "Poleshchuk,D"]
[Black "Pushkin,E"]
[Result "1-0"]
[WhiteElo "2056"]
[BlackElo "2177"]

1.e4 d6 2.d4 Nf6 3.Nc3 c6 4.f3 Nbd7 5.Be3 e5 6.Qd2 Be7 7.g4 h6 8.Nge2 Nh7
9.Ng3 exd4 10.Bxd4 Ne5 11.Be2 Qa5 12.Nd1 Qxd2+ 13.Kxd2 O-O 14.Ne3 g6 15.h4 Bf6
16.Bc3 d5 17.Bd4 Rd8 18.Kc3 Nxg4 19.e5 Nxe3 20.Bxe3 Bg7 21.Rad1 Re8 22.Ne4 Be6
23.Nd6 Re7  1-0

[Event "National Open"]
[Site "Las Vegas USA"]
[Date "2007.06.08"]
[Round "2"]
[White "Erenburg,S"]
[Black "Boekhoff,A"]
[Result "1-0"]
[WhiteElo "2574"]
[BlackElo "2322"]

1.e4 d6 2.d4 Nf6 3.Nc3 e5 4.Nge2 Nbd7 5.g3 b5 6.Nxb5 Nxe4 7.Bg2 Bb7 8.O-O a6
9.Nbc3 Nxc3 10.Nxc3 Bxg2 11.Kxg2 Be7 12.dxe5 Nxe5 13.Nd5 O-O 14.b3 Re8 15.Bb2 Bf8
16.c4 c6 17.Ne3 a5 18.Qd4 Qd7 19.h3 f5 20.Rad1 Ng6 21.Qd3 f4 22.Nf5 Rad8
23.g4 Ne5 24.Bxe5 Rxe5 25.Qf3 g6 26.Nd4 d5 27.Ne2 Bh6 28.cxd5 cxd5 29.Rd4 Bg7
30.Rfd1 Rg5 31.Qxf4 Bxd4 32.Nxd4 h6 33.Nf3 Rf8 34.Qg3 d4 35.Nxg5 hxg5 36.Qe5 Qc6+
37.Kg1 Qf3 38.Qxd4 Qxh3 39.Qd5+ Rf7 40.Qxg5 Kg7 41.Rd6 Qh6 42.Qxh6+ Kxh6
43.Ra6 Rf4 44.g5+ Kxg5 45.Rxa5+ Kh6 46.a4 g5 47.Rb5 Kh5 48.a5 Kh4 49.a6  1-0

[Event "Xose Enrique Rodriguez Pena Mem"]
[Site "Ourense ESP"]
[Date "2007.06.08"]
[Round "2"]
[White "Graf,A"]
[Black "Paunovic,D"]
[Result "1/2-1/2"]
[WhiteElo "2620"]
[BlackElo "2524"]

1.e4 d6 2.d4 Nf6 3.Nc3 e5 4.dxe5 dxe5 5.Qxd8+ Kxd8 6.Bc4 Ke8 7.Nf3 Bd6 8.O-O c6
9.a4 a5 10.Rd1 Bc7 11.b3 Bg4 12.Be2 Na6 13.Ba3 Nb4 14.Rac1 Bxf3 15.Bxf3 Rd8
16.Rxd8+ Bxd8 17.Nd1 Nd7 18.Ne3 Bg5 19.Kf1 h5 20.Ke2 Na2 21.Re1 Nb4 22.Kd1 Be7
23.Nc4 Rh6 24.Bc1 Rg6 25.Be3 Na2 26.Ke2 Bb4 27.Ra1 Nc3+ 28.Kf1 Re6 29.Bxh5 Nf6
30.Bf3 Nfxe4 31.Bb6 Nd6 32.Bxa5 Nxc4 33.Bxb4 Nd2+ 34.Ke1 Nxf3+ 35.gxf3 Nd5
36.Bd2 Rg6 37.Ke2 Kd7 38.h4 Ke6 39.h5 Rg2 40.Rh1 Nf4+ 41.Bxf4 exf4 42.h6 gxh6
43.Rxh6+ Ke7 44.Rh4 Rg1 45.Rxf4 Rc1 46.Rc4 Kd6 47.Rd4+ Ke5 48.Rd2 b6 49.Ke3 c5
50.Kd3 Kd5 51.Kc3+ Kc6 52.Re2 Kd6 53.Kc4 Kc6 54.c3 Rh1 55.Re7 Rh4+ 56.Kd3 c4+
57.bxc4 Rf4 58.Ke2 Rxc4 59.Rxf7 Rxc3 60.Rf4 Rb3 61.Kf1 Kd6 62.Kg2 Ke7 63.Kg3 b5
64.axb5 Rxb5 65.Ra4 Kf7 66.f4 Rb2 67.f3 Kf6 68.Ra6+ Kf5 69.Rh6 Rb1 70.Rh5+ Kg6
71.Ra5 Rg1+ 72.Kf2 Rb1 73.Ke3 Kf6 74.Rd5 Re1+ 75.Kf2 Ra1 76.Rd8 Kf5 77.Rf8+ Kg6
78.f5+ Kg7 79.Rb8 Ra5  1/2-1/2

[Event "7th ch-Euro Senior"]
[Site "Hockenheim GER"]
[Date "2007.06.09"]
[Round "8"]
[White "Van Oosten,A"]
[Black "Semmler,G"]
[Result "1/2-1/2"]
[WhiteElo "2155"]
[BlackElo "2030"]

1.e4 d6 2.d4 Nf6 3.Nc3 e5 4.dxe5 dxe5 5.Qxd8+ Kxd8 6.Bc4 Be6 7.Bxe6 fxe6
8.f3 c6 9.Nh3 Bb4 10.Bd2 Nbd7 11.Nf2 Ke7 12.a3 Bd6 13.Ke2 b5 14.a4 a6 15.b3 h6
16.Ra2 b4 17.Ncd1 a5 18.Ne3 Nb6 19.Nd3 Nfd7 20.Nb2 Bc5 21.Nd3 Bd4 22.Rc1 c5
23.c3 bxc3 24.Bxc3 Rhc8 25.Bd2 Kd6 26.Nb2 Bxb2 27.Rxb2 Rcb8 28.Bc3 h5 29.Rd2+ Ke7
30.Rcd1 Ra7 31.Rd3 g6 32.h3 Rc8 33.g3 c4 34.Nxc4 Nxc4 35.bxc4 Rxc4 36.Bxa5 Rxa4
37.Bc3 Ra2+ 38.R3d2 Rxd2+ 39.Rxd2 Rb7 40.Ra2 Rb3 41.Bd2 Kd6 42.Ra7 Rb2 43.Kd1  1/2-1/2

[Event "29th Mem Nezhmetdinov"]
[Site "Kazan RUS"]
[Date "2007.06.09"]
[Round "9"]
[White "Voitsekhovsky,S"]
[Black "Gabdrakhmanov,R"]
[Result "1-0"]
[WhiteElo "2503"]
[BlackElo "2392"]

1.e4 d6 2.d4 Nf6 3.Nc3 e5 4.Nf3 Nbd7 5.Bc4 Be7 6.O-O O-O 7.Re1 c6 8.a4 Qe8
9.a5 Bd8 10.d5 Bc7 11.b4 a6 12.Bf1 Qd8 13.Nd2 cxd5 14.Nxd5 Nxd5 15.exd5 Nf6
16.c4 b6 17.Nb3 bxa5 18.Nxa5 Bd7 19.h3 Bb6 20.Be3 Bxe3 21.Rxe3 Qb6 22.Rb1 Rfc8
23.g3 Rab8 24.Bg2 g6 25.Rc3 Kg7 26.Qe1 h5 27.Rcb3 Qc7 28.c5 Bb5 29.c6 Re8
30.Re3 Re7 31.Qc3 Rbe8 32.Rbe1 Qb6 33.Kh1 Qa7 34.Nb3 Kg8 35.Nd2 Qc7 36.f4 exf4
37.gxf4 Rxe3 38.Rxe3 Qb6 39.Rxe8+ Nxe8 40.Ne4 Qd8 41.Qg3 Ng7 42.Qg5 Qxg5
43.fxg5 Nf5 44.c7 Ne7 45.Nxd6  1-0

[Event "TCh-BIH"]
[Site "Vogosca BIH"]
[Date "2007.06.09"]
[Round "8"]
[White "Fercec,N"]
[Black "Tadic,B"]
[Result "1/2-1/2"]
[WhiteElo "2501"]
[BlackElo "2504"]

1.e4 d6 2.d4 Nf6 3.Nc3 e5 4.Nf3 Nbd7 5.g4 h6 6.Rg1 c6 7.Be3 Qa5 8.Nd2 Qc7
9.f4 g5 10.fxg5 exd4 11.Bxd4 hxg5 12.Qf3 Be7 13.h3 b5 14.O-O-O Ne5 15.Qf2 Be6
16.Kb1 Nfd7 17.Ne2 a5 18.Ng3 a4 19.Nf5 Bf8 20.Nf3 Rg8  1/2-1/2

[Event "7th ch-Euro Senior"]
[Site "Hockenheim GER"]
[Date "2007.06.10"]
[Round "9"]
[White "Lainburg,V"]
[Black "Semmler,G"]
[Result "1-0"]
[WhiteElo "2188"]
[BlackElo "2030"]

1.d4 d6 2.e4 Nf6 3.Nc3 e5 4.dxe5 dxe5 5.Qxd8+ Kxd8 6.Bc4 Be6 7.Bxe6 fxe6
8.Bg5 Bd6 9.O-O-O Ke7 10.Nge2 a6 11.f3 Nd7 12.Kb1 b5 13.Nc1 Rhb8 14.N3e2 a5
15.Nd3 Ke8 16.Be3 Nb6 17.b3 Nbd7 18.g4 Ke7 19.Rhf1 c5 20.g5 Nh5 21.f4 exf4
22.Ndxf4 Nxf4 23.Nxf4 Rf8 24.Rf2 Ne5 25.Rfd2 Rfd8 26.Rxd6 Rxd6 27.Bxc5 Nf7
28.e5  1-0

[Event "11th Master Open"]
[Site "Voronezh RUS"]
[Date "2007.06.15"]
[Round "4"]
[White "Rodin,D"]
[Black "Bocharov,D"]
[Result "1/2-1/2"]
[WhiteElo "2442"]
[BlackElo "2614"]

1.e4 d6 2.d4 Nf6 3.Nc3 e5 4.Nf3 Nbd7 5.Be2 Be7 6.O-O O-O 7.Re1 c6 8.a4 Re8
9.Bf1 Qc7 10.g3 b6 11.Bg2 a6 12.Bg5 h6 13.Be3 Bb7 14.Nh4 Bf8 15.dxe5 dxe5
16.Nf5 Kh7 17.Qe2 b5 18.Rad1 Nc5 19.Bc1 Ne6 20.Qf3 Ng8 21.Be3 Rad8 22.Bh3 g6
23.Rxd8 Rxd8 24.Nh4 Ng5 25.Bxg5 hxg5 26.Ng2 Kg7 27.Ne3 Nf6 28.axb5 axb5 29.Ng4 Nxg4
30.Bxg4 b4 31.Nd1 c5 32.Ne3 Rd2 33.Nc4 Rd4 34.b3 Be7 35.Qh1 f5 36.Bf3 g4
37.Bg2 f4 38.f3 Qd8 39.fxg4 Rd1 40.Kf1 Ba6 41.Bf3 Rd2 42.Re2 Rd4 43.Qg1 Bxc4
44.bxc4 Rxc4 45.Kg2 Rd4 46.gxf4 exf4 47.Qa1 Kh6 48.e5 c4 49.Qa6 c3 50.Kh3 Kg5
51.Kg2 Rd2 52.h4+ Kh6 53.h5 Rxe2+ 54.Bxe2 Qd5+ 55.Kh2 Kg5 56.Qxg6+ Kh4 57.h6 Qxe5
58.Bf3 Qg5 59.Qe6 Qf6 60.h7 Qxe6 61.h8=Q+ Kg5 62.Qg7+ Kh4 63.Qh8+ Kg5 64.Qg7+  1/2-1/2

[Event "III EUICC"]
[Site "Arvier ITA"]
[Date "2007.06.16"]
[Round "2"]
[White "Calandri,F"]
[Black "Borgo,G"]
[Result "0-1"]
[WhiteElo "2144"]
[BlackElo "2418"]

1.e4 d6 2.d4 Nf6 3.Nc3 Nbd7 4.Nf3 e5 5.Bc4 Be7 6.O-O O-O 7.h3 c6 8.a4 a5
9.Re1 h6 10.Ba2 Nh7 11.Be3 Ng5 12.Nxg5 Bxg5 13.dxe5 dxe5 14.Qf3 Bxe3 15.Qxe3 Qe7
16.Rad1 Qc5 17.f3 Qxe3+ 18.Rxe3 Nc5 19.Re2 Re8 20.Red2 Kf8 21.Kf2 Ke7 22.Ke3 Bd7
23.Bc4 Red8 24.h4 b6 25.g3 f6 26.b3 Nb7 27.Kf2 Be8 28.Rxd8 Nxd8 29.Ke3 Nb7
30.Nb1 Nd6 31.Na3 Rb8 32.Ke2 Kd7 33.Kd2 Kc7 34.Kc1 Bd7 35.Kb2 f5 36.exf5 Nxf5
37.Bd3 Nd6 38.Nc4 Nxc4+ 39.Bxc4 Rf8 40.Be2 Bf5 41.Kc1 Rf6 42.Rd2 Rd6 43.c3 Rg6
44.g4 Be6 45.Kc2 Rf6 46.c4 Rf4 47.Kd3 h5 48.gxh5 Rxh4 49.Ke3 Rxh5 50.Bd3 Rg5
51.Be4 Rg1 52.Rh2 Bd7 53.Rh8 Rg2 54.Kd3 Rb2 55.Kc3 Rg2 56.Rg8 Kd6 57.Rd8 Kc7
58.Rg8 Rg3 59.Kd2 g5 60.Ke3 Rg2 61.Kd3 g4 62.fxg4 Rg3+ 63.Kc2 Rxg4 64.Rxg4 Bxg4
65.Kc3 Bd1 66.c5 bxc5 67.Bd3 Kd6 68.Be4 Bg4 69.Kd2 Be6 70.Kc3 Bd5 71.Bc2 Bf3
72.Kc4 e4 73.Bb1 e3 74.Kd3 Be4+  0-1

[Event "III EUICC"]
[Site "Arvier ITA"]
[Date "2007.06.16"]
[Round "2"]
[White "Vezzosi,P"]
[Black "Chierici,M"]
[Result "1-0"]
[WhiteElo "2287"]
[BlackElo "1996"]

1.e4 d6 2.d4 Nf6 3.Nc3 e5 4.Nf3 Nbd7 5.Bc4 Be7 6.O-O c6 7.a4 O-O 8.Qe2 Qc7
9.Bg5 Re8 10.Rad1 a6 11.dxe5 dxe5 12.Bh4 b5 13.Ba2 Nc5 14.Ng5 Rf8 15.b4 Ncd7
16.Rb1 a5 17.axb5 axb4 18.Bxf7+ Rxf7 19.Qc4 Nf8 20.Qxf7+ Kh8 21.Qc4 h6 22.b6 Qxb6
23.Nf7+ Kh7 24.Nxe5 Bd6 25.Bxf6 Qc7 26.Qxc6 bxc3 27.Qxa8 gxf6 28.Nf3 Ng6
29.Rfd1 Ne7 30.h3 Qc5 31.Rd3 Bc7 32.Qa2 Kg7 33.Qb3 Ba5 34.Qb5 Qa3 35.Rdd1 Bc7
36.Rb3 Qa7 37.Rxc3 Be6 38.e5 fxe5 39.Nxe5 Bb6 40.Rg3+ Kh7 41.Rf3 Nf5 42.Qd3  1-0

[Event "Atlantis Meestertienkamp"]
[Site "Groningen NED"]
[Date "2007.06.16"]
[Round "9"]
[White "Bedouin,X"]
[Black "Drenchev,P"]
[Result "0-1"]
[WhiteElo "2328"]
[BlackElo "2447"]

1.e4 d6 2.d4 Nf6 3.Nc3 e5 4.dxe5 dxe5 5.Qxd8+ Kxd8 6.Bg5 Be6 7.O-O-O+ Nd7
8.f4 exf4 9.Nf3 h6 10.Bxf4 Bc5 11.Nb5 Bb6 12.Ne5 a6 13.Nd4 Bxd4 14.Rxd4 Rc8
15.Be2 Ke7 16.Nxd7 Nxd7 17.a4 Nb8 18.b3 Nc6 19.Rd3 f6 20.Rg3 Nd4 21.Bd3 Rhg8
22.Rf1 Nc6 23.Be2 Ne5 24.Rc3 c5 25.Be3 c4 26.b4 Rgd8 27.h3 Bd7 28.Bb6 Rg8
29.a5 Be6 30.g4 Rge8 31.Kb2 Rc6 32.Bc5+ Rxc5 33.bxc5 Rc8 34.Rb1 Rxc5 35.Kc1 Rc7
36.Kd2 Bf7 37.h4 Kd6 38.g5 hxg5 39.hxg5 Kc5 40.gxf6 gxf6 41.Ke3 Re7 42.Rb6 Nc6
43.Kf4 Be6 44.Rg3 Nxa5 45.Rb1 Nc6 46.Rg6 f5 47.exf5 Bxf5 48.Kxf5 Rxe2 49.Rxb7 Ne7+
50.Rxe7 Rxe7 51.c3 Re3 52.Rxa6 Rxc3 53.Ke4 Rd3 54.Ra8 Rd7 55.Ke3 Kb4 56.Ke2 Kb3
57.Rb8+ Kc2 58.Ke3 c3 59.Ra8 Re7+ 60.Kf2 Re5 61.Rb8 Kd3 62.Rd8+ Kc4 63.Ra8 c2  0-1

[Event "Open"]
[Site "Teplice CZE"]
[Date "2007.06.17"]
[Round "3"]
[White "Cenek,M"]
[Black "Stanek,S"]
[Result "0-1"]
[WhiteElo "2029"]
[BlackElo "2007"]

1.e4 Nf6 2.Nc3 c6 3.d4 d6 4.Bd3 e5 5.dxe5 dxe5 6.Nf3 Bg4 7.O-O Be7 8.Be3 O-O
9.h3 Bxf3 10.Qxf3 Re8 11.Qg3 Nbd7 12.a3 Qc7 13.Rfd1 b5 14.Qf3 Nf8 15.Ne2 Ne6
16.c3 Bc5 17.Bxc5 Nxc5 18.Bc2 Ne6 19.Ng3 Rad8 20.Qe2 Nf4 21.Qf3 g6 22.Rxd8 Rxd8
23.Rd1 Rxd1+ 24.Qxd1 Qd7 25.Qxd7 Nxd7 26.Kf1 a5 27.Ne2 Ne6 28.a4 b4 29.cxb4 axb4
30.b3 Ndc5 31.f3 Kf8 32.h4 Ke7 33.Ke1 Kd6 34.Kd2 Nb7 35.g3 Na5 36.Ke3 c5
37.Kd3 c4+ 38.bxc4 Nc5+ 39.Kd2 Nxc4+ 40.Kc1 b3 41.Bb1 Nxa4 42.Bd3 Kc5 43.Bxc4 Kxc4
44.Kd2 b2 45.Kc2 b1=Q+ 46.Kxb1 Nc3+ 47.Nxc3 Kxc3 48.f4 Kd3 49.fxe5 Kxe4 50.Kc2 Kf3
51.Kd3 Kxg3 52.Kd4 Kxh4 53.Kd5 Kg5  0-1

[Event "III EUICC"]
[Site "Arvier ITA"]
[Date "2007.06.18"]
[Round "4"]
[White "Cavatorta,I"]
[Black "Chierici,M"]
[Result "1-0"]
[WhiteElo "1878"]
[BlackElo "1996"]

1.e4 d6 2.d4 Nf6 3.Nc3 e5 4.Nf3 Nbd7 5.Bc4 Be7 6.O-O O-O 7.Re1 c6 8.a4 Qc7
9.h3 b6 10.d5 Bb7 11.dxc6 Bxc6 12.b3 Rad8 13.Ra2 Qb7 14.Bd5 Bxd5 15.Nxd5 Nxd5
16.exd5 h6 17.Nd4 Qxd5 18.Nf5 Qe6 19.Qg4 g5 20.f4 Kh7 21.Nxe7 Qxe7 22.fxg5 Rg8
23.Qh5 Qe6 24.Rf1 Rdf8 25.Rf6 Qxf6 26.gxf6 Rg6 27.c4 Nc5 28.Qf5 Nxb3 29.Be3 Rh8
30.g4 Na5 31.Bxh6 Kg8 32.Bg7  1-0

[Event "11th Master Open"]
[Site "Voronezh RUS"]
[Date "2007.06.18"]
[Round "6"]
[White "Voitsekhovsky,S"]
[Black "Bocharov,D"]
[Result "1-0"]
[WhiteElo "2503"]
[BlackElo "2614"]

1.e4 d6 2.d4 Nf6 3.Nc3 e5 4.Nf3 Nbd7 5.Bc4 Be7 6.O-O O-O 7.Re1 c6 8.a4 exd4
9.Nxd4 Ne5 10.Ba2 Re8 11.f3 Bd7 12.Be3 Qc7 13.Kh1 Rad8 14.Qd2 Bc8 15.Qf2 h6
16.Rad1 Bf8 17.h3 b6 18.Bf4 a6 19.Bh2 b5 20.axb5 axb5 21.Nce2 Qb6 22.Ng3 Nc4
23.c3 c5 24.Ndf5 d5 25.b3 Ne5 26.exd5 Nxd5 27.f4 Nxf4 28.Qxf4 Nd3 29.Rxe8 Nxf4
30.Rdxd8 Bb7 31.Rxf8+ Kh7 32.Rh8+  1-0

[Event "III EUICC"]
[Site "Arvier ITA"]
[Date "2007.06.19"]
[Round "5"]
[White "Raineri,V"]
[Black "Cavatorta,F"]
[Result "1-0"]
[WhiteElo "2123"]
[BlackElo "1921"]

1.e4 d6 2.d4 Nf6 3.Nc3 Nbd7 4.Be3 e5 5.Be2 Be7 6.Qd2 c6 7.g4 h6 8.O-O-O b5
9.Bf3 Nb6 10.h3 Nc4 11.Qe1 Qa5 12.Be2 Nxe3 13.fxe3 b4 14.Nb1 exd4 15.exd4 Be6
16.a3 Nxe4 17.Nf3 Rb8 18.Bd3 bxa3 19.Nxa3 Qxe1 20.Rhxe1 Nf2 21.Rd2 Nxh3 22.Bf5 Ng5
23.Nh4 O-O 24.Rde2 Bf6 25.c3 g6 26.Nxg6 Bxf5 27.Nxf8 Bxg4 28.Re8 Rxe8 29.Rxe8 Kg7
30.Nc4 h5 31.Ne3 Be6 32.Nxe6+ Nxe6 33.Nf5+ Kg6 34.Nxd6 h4 35.Ne4 Bg7 36.Kd2 Kf5
37.Ke3 Kg4 38.Rg8 f5 39.Nc5 f4+ 40.Kf2 Kf5 41.Nxe6 Bf6 42.Nc5 h3 43.Rg1 Bh4+
44.Kf3 h2 45.Rh1 Bg3 46.Nd3 Kg5 47.Ne5  1-0

[Event "Gorenje GM"]
[Site "Valjevo SRB"]
[Date "2007.06.19"]
[Round "7"]
[White "Damljanovic,B"]
[Black "Ivanisevic,I"]
[Result "1/2-1/2"]
[WhiteElo "2585"]
[BlackElo "2614"]

1.d4 d6 2.e4 Nf6 3.Nc3 e5 4.dxe5 dxe5 5.Qxd8+ Kxd8 6.Bc4 Ke8 7.Nf3 Bd6 8.Bg5 c6
9.O-O-O Bc7 10.Bxf6 gxf6 11.Nh4 Be6 12.Bb3  1/2-1/2

[Event "11th Master Open"]
[Site "Voronezh RUS"]
[Date "2007.06.19"]
[Round "7"]
[White "Bukavshin,I"]
[Black "Feoktistov,A"]
[Result "1/2-1/2"]
[WhiteElo "2287"]
[BlackElo "2449"]

1.e4 d6 2.d4 Nf6 3.Nc3 e5 4.Nf3 Nbd7 5.Bc4 Be7 6.O-O O-O 7.Re1 c6 8.a4 a5
9.h3 h6 10.Bf1 Re8 11.b3 Bf8 12.Ba3 Qc7 13.Qd2 Nb8 14.Rad1 Na6 15.Bxa6 Rxa6
16.dxe5 dxe5 17.Bd6 Bxd6 18.Qxd6 Qxd6 19.Rxd6 Ra8 20.Red1 Be6 21.R1d2 b5
22.Rxc6 b4 23.Nb5 Nxe4 24.Re2 Bd5 25.Rb6 Re7 26.Nd2 Nxd2 27.Rxd2 Be6 28.Rdd6 Rc8
29.Rbc6 Rxc6 30.Rxc6 Rd7 31.Nd6 Kf8 32.Nc4 Rd1+ 33.Kh2 Bxc4 34.Rxc4 Rd5 35.Rc7 g6
36.Kg3 Kg7 37.Kf3 Kf6 38.Ke3 h5 39.h4 Ke6 40.g3 f6 41.c3 Kd6 42.Rc4 Rc5 43.Rxc5 Kxc5
44.c4 f5 45.f3  1/2-1/2

[Event "11th Master Open"]
[Site "Voronezh RUS"]
[Date "2007.06.19"]
[Round "7"]
[White "Airapetian,G"]
[Black "Khlian,E"]
[Result "0-1"]
[WhiteElo "2336"]
[BlackElo "2462"]

1.e4 d6 2.d4 Nf6 3.Nc3 c6 4.f4 Qa5 5.Bd3 e5 6.dxe5 dxe5 7.Nf3 Nbd7 8.O-O Be7
9.Kh1 O-O 10.Qe1 Qc7 11.f5 b5 12.Bg5 Nc5 13.a4 b4 14.Nd1 Nxd3 15.cxd3 Rd8
16.Bxf6 Bxf6 17.Qxb4 Rxd3 18.Qc4 Rd8 19.a5 Rb8 20.b4 Qd6 21.Rb1 Be7 22.Ne3 Rxb4
23.Rxb4 Qxb4 24.Qxc6 Bb7 25.Qc7 Bxe4 26.Nxe5 Qc5 27.Qxc5 Bxc5 28.N3c4 Rd3
29.Re1 h5 30.h3 Kh7 31.Kh2 Rc3 32.Nd2 Bd3 33.Nef3 Bd6+ 34.Kg1  0-1

[Event "III EUICC"]
[Site "Arvier ITA"]
[Date "2007.06.20"]
[Round "6"]
[White "Maahs,E"]
[Black "Moser,E"]
[Result "0-1"]
[WhiteElo "2193"]
[BlackElo "2405"]

1.e4 d6 2.d4 Nf6 3.Nc3 Nbd7 4.f4 e5 5.Nf3 exd4 6.Qxd4 c6 7.Be3 d5 8.Qd3 Nc5
9.Bxc5 Bxc5 10.exd5 O-O 11.O-O-O cxd5 12.Be2 g6 13.Nd4 Re8 14.Bf3 Bg4 15.Rhf1 Rc8
16.Kb1 Bxf3 17.Rxf3 Ne4 18.Nce2 Bf8 19.f5 Bg7 20.fxg6 hxg6 21.c3 Qg5 22.g3 a6
23.h4 Qe5 24.Rff1 Nc5 25.Qf3 Rc7 26.Nf4 Ne4 27.Qd3 Qd6 28.Ka1 Rd8 29.Rc1 Bh6
30.Nde2 b5 31.a3 Bg7 32.g4 Nc5 33.Qc2 a5 34.Rcd1 Qc6 35.Nd4 Qb7 36.Nd3 Ne4
37.Nf2 b4 38.Nxe4 dxe4 39.Ne2 Rdc8 40.h5 bxa3 41.hxg6 fxg6 42.Rb1 axb2+ 43.Rxb2 Qd5
44.Rb3 Rc4 45.Ra3 Bf8 46.Nf4 Qf7 47.Rxa5 Rxc3 48.Qa2 R3c4 49.Rb5 Rc1+ 50.Rxc1 Rxc1+  0-1

[Event "III EUICC"]
[Site "Arvier ITA"]
[Date "2007.06.20"]
[Round "6"]
[White "Mortola,A"]
[Black "Chierici,M"]
[Result "0-1"]
[WhiteElo "1905"]
[BlackElo "1996"]

1.e4 d6 2.d4 Nf6 3.Nc3 e5 4.Nf3 Nbd7 5.Bc4 Be7 6.Be3 c6 7.h3 b5 8.Bd3 Bb7
9.dxe5 dxe5 10.O-O O-O 11.Qe2 a6 12.a4 Qc7 13.Rfd1 Rac8 14.Qe1 Rfd8 15.Bg5 Nc5
16.Bf1 Rxd1 17.Rxd1 b4 18.Bxf6 gxf6 19.Na2 Nxa4 20.Nxb4 a5 21.Nd3 c5 22.b3 Nb6
23.Qxa5 Bxe4 24.Be2 Ra8 25.Qe1 Qb7 26.Nh4 Kh8 27.f3 Bc6 28.Nf5 Rg8 29.Nxe7 Qxe7
30.Kh2 f5 31.Qc3 Nd7 32.Bf1 Bxf3 33.Nxe5 Nxe5 34.gxf3 Qg5 35.Qxe5+ f6 36.Qxc5 Qg3+
37.Kh1 Qxf3+ 38.Kh2 Qxd1 39.Qxf5 Qd4 40.Bg2 Qe5+ 41.Qxe5 fxe5 42.Be4 Rf8
43.Kg3 Rf4 44.Bd3 Kg7 45.Bc4 Kf6 46.Bd3 h6 47.h4 Ke7 48.Bc4 Kd6 49.Bg8 Kc5
50.c3 Re4 51.h5 Re3+ 52.Kg4 Rxc3 53.Kf5 Kd4 54.Bc4 e4 55.Kg6 e3 56.Kxh6 Rxc4
57.bxc4 e2 58.Kg7 e1=Q 59.h6 Qg3+ 60.Kh8 Ke5 61.c5 Kf6 62.c6 Kf7  0-1

[Event "III Perla Baltyku A"]
[Site "Mielno POL"]
[Date "2007.06.20"]
[Round "3"]
[White "Markiewicz,Ja"]
[Black "Sokolowski,Ry"]
[Result "1-0"]
[WhiteElo "2307"]
[BlackElo "2089"]

1.e4 d6 2.d4 Nf6 3.Nc3 e5 4.Nf3 Nbd7 5.Bc4 Be7 6.O-O O-O 7.Re1 c6 8.a4 b6
9.Ba2 Bb7 10.dxe5 dxe5 11.Nh4 Re8 12.Nf5 Bf8 13.Qf3 g6 14.Nh6+ Bxh6 15.Bxh6 Qe7
16.Re3 Nh5 17.Qxh5 gxh5 18.Rg3+ Kh8 19.Bg7+ Kg8 20.Bxe5+ Kf8 21.Bg7+ Kg8
22.Bf6+ Kf8 23.Bxe7+ Rxe7 24.Rd1 Nf6 25.Rf3 Kg7 26.Rd6 Ne8 27.Rg3+ Kh8 28.Rd1 a6
29.Rgd3 Nf6 30.f3 b5 31.Kf2 b4 32.Ne2 h4 33.Rd8+ Rxd8 34.Rxd8+ Kg7 35.Nd4 Rc7
36.Nf5+ Kg6 37.Nxh4+ Kg5 38.Nf5 Bc8 39.h4+ Kg6 40.Rxc8  1-0

[Event "11th Master Open"]
[Site "Voronezh RUS"]
[Date "2007.06.20"]
[Round "8"]
[White "Panarin,M"]
[Black "Bocharov,D"]
[Result "0-1"]
[WhiteElo "2528"]
[BlackElo "2614"]

1.e4 d6 2.d4 Nf6 3.Nc3 e5 4.Nf3 Nbd7 5.Bc4 Be7 6.O-O O-O 7.Re1 c6 8.a4 b6
9.b3 Bb7 10.Bd3 Re8 11.Bb2 Bf8 12.Qd2 a6 13.Rad1 g6 14.Qc1 Qc7 15.Qa1 b5
16.Nb1 Nh5 17.Nbd2 exd4 18.Bxd4 Ne5 19.Bb2 Nxd3 20.cxd3 Nf4 21.Nf1 c5 22.g3 Nh5
23.g4 Nf4 24.Qc1 d5 25.axb5 axb5 26.Qc3 d4 27.Nxd4 b4 28.Qc2 Qd7 29.Ne2 Qxg4+
30.Nfg3 Nh3+ 31.Kg2 Ng5 32.Ng1 Ne6 33.Ne2 Rad8 34.f3 Qg5 35.Kf2 Qh4 36.Rg1 Rd7
37.Kg2 Red8 38.Nf5 gxf5 39.Kh1+ Bg7 40.Ng3 Qh3 41.Qe2 fxe4 42.fxe4 Kh8 43.Nh5 Bxb2
44.Qxb2+ Nd4 45.Qf2  0-1

[Event "11th Master Open"]
[Site "Voronezh RUS"]
[Date "2007.06.20"]
[Round "8"]
[White "Vorobiov,E"]
[Black "Zablotsky,S"]
[Result "1-0"]
[WhiteElo "2580"]
[BlackElo "2500"]

1.e4 d6 2.d4 Nf6 3.Nc3 e5 4.dxe5 dxe5 5.Qxd8+ Kxd8 6.Bg5 Be6 7.g3 h6 8.O-O-O+ Kc8
9.Bxf6 gxf6 10.f4 c6 11.fxe5 fxe5 12.Bh3 Bxh3 13.Nxh3 Nd7 14.Rhf1 f6 15.Ng1 h5
16.Nf3 Kc7 17.Nh4 Rh7 18.Nf5 Bb4 19.Nb1 Rg8 20.c3 Bf8 21.Kc2 Bh6 22.Nd2 Bxd2
23.Rxd2 Nc5 24.Re1 a5 25.Rd6 h4 26.b4 axb4 27.cxb4 hxg3 28.bxc5 gxh2 29.Rh1 Rg4
30.Rd2 Rxe4 31.Rhxh2 Rxh2 32.Rxh2 Rc4+ 33.Kb3 Rxc5 34.Rh7+ Kb6 35.Nd6 Rd5
36.Rxb7+ Ka6 37.Rd7 f5 38.Rd8 f4 39.Ra8+ Kb6 40.Nc4+ Kc5 41.Kc3  1-0

[Event "III EUICC"]
[Site "Arvier ITA"]
[Date "2007.06.21"]
[Round "7"]
[White "Beggi,P"]
[Black "Chierici,M"]
[Result "1/2-1/2"]
[WhiteElo "2141"]
[BlackElo "1996"]

1.d4 d6 2.e4 Nf6 3.Nc3 e5 4.dxe5 dxe5 5.Qxd8+ Kxd8 6.Bc4 Be6 7.Bxe6 fxe6
8.Bg5 Bd6 9.Nge2 Ke7 10.O-O-O Nd7 11.f3 a6 12.Kb1 Raf8 13.Nc1 h6 14.Be3 g5
15.h3 Rf7 16.Nd3 Rg8 17.Rdf1 Nh5 18.Ne2 Nf8 19.g4 Nf6 20.h4 gxh4 21.Bxh6 Rg6
22.Bd2 Rg8 23.g5 N6h7 24.f4 Nd7 25.Rxh4 Nxg5 26.f5 exf5 27.exf5 Nh7 28.Nc3 Nhf6
29.Nf2 Rfg7 30.Nfe4 Rg1 31.Rh1 Rxh1 32.Rxh1 Bb4 33.Bg5 Kf7 34.Bxf6 Bxc3 35.Rh7+ Kf8
36.bxc3 Nxf6 37.Nxf6 Rg5 38.Rh5 Rg1+ 39.Kb2 Kf7 40.Ne4 Kg7 41.Rh3 Rf1 42.Rg3+ Kf7
43.Rg4 Rxf5 44.Rg5 Rxg5 45.Nxg5+ Kg6 46.Ne4 b6 47.Kc1 Kf5 48.Nd2 Ke6 49.Kd1 Kd5
50.Ke2 Kc5 51.Kd3 Kb5 52.Ke4 Ka4 53.Kd5 Ka3 54.Kc6 Kxa2 55.Kxc7 b5 56.Kb6 Kb2
57.Ne4 Kxc2 58.Kxa6 Kd3 59.Kxb5 Kxe4 60.c4 Kd3  1/2-1/2

[Event "III Perla Baltyku A"]
[Site "Mielno POL"]
[Date "2007.06.21"]
[Round "5"]
[White "Markiewicz,Ja"]
[Black "Lubczynski,R"]
[Result "1/2-1/2"]
[WhiteElo "2307"]
[BlackElo "2347"]

1.e4 d6 2.d4 Nf6 3.Nc3 e5 4.Nf3 Nbd7 5.Bc4 Be7 6.O-O O-O 7.Re1 c6 8.a4 a5
9.Ba2 h6 10.Nh4 Nxe4 11.Nf5 Nef6 12.Qf3 Kh8 13.Qg3 Nh5 14.Qf3 Nhf6 15.Qg3 Nh5
16.Qf3 Nhf6  1/2-1/2

[Event "TCh-ESP Honor Gp1"]
[Site "Lugo ESP"]
[Date "2007.06.23"]
[Round "4"]
[White "Herrera,I"]
[Black "Cifuentes Parada,R"]
[Result "1/2-1/2"]
[WhiteElo "2442"]
[BlackElo "2491"]

1.e4 d6 2.d4 Nf6 3.Nc3 e5 4.Nf3 Nbd7 5.h3 c6 6.a4 Be7 7.Bc4 O-O 8.Ba2 exd4
9.Nxd4 Nc5 10.Qf3 Qb6 11.Qe3 Re8 12.O-O Bf8 13.f3 d5 14.e5 Nfd7 15.f4 Ne6
16.Nxe6 fxe6 17.Qxb6 axb6 18.b3 Bc5+ 19.Kh2 Bd4 20.Bb2 Nc5 21.Rfd1 Be3 22.Bc1 Bxc1
23.Raxc1 Bd7 24.Bb1 Rf8 25.Ne2 Be8 26.Rf1 Bg6 27.Nd4 Kf7 28.g4 Be4 29.Ne2 Ke7
30.Ng3 h6 31.Rce1 Rf7 32.Re3 Raf8 33.b4 Nxa4 34.Nxe4 dxe4 35.f5 exf5 36.Ba2 f4
37.Ra3 b5 38.Bxf7 Rxf7 39.Re1 e3 40.Rd3 Ke6 41.Rd8 Kxe5 42.Kg2 Nc3 43.Kf3 Nd5
44.Rd1 g5 45.Re8+ Kf6 46.Rd4 Kg7 47.c4 bxc4 48.Rxc4 Nf6 49.Re5 Rd7 50.Rc2 Nd5
51.Rc4 Ne7 52.Ree4 Ng6 53.Rcd4 Rf7 54.Rd1 b5 55.Re6 Nh4+ 56.Ke2 Ra7 57.Rd8 Ra2+
58.Kd1 f3 59.Re7+ Kf6 60.Rxe3 f2 61.Rd6+ Kf7 62.Rd7+ Kf6 63.Rd6+ Kf7 64.Rd7+  1/2-1/2

[Event "III Perla Baltyku A"]
[Site "Mielno POL"]
[Date "2007.06.23"]
[Round "7"]
[White "Owczarzak,J"]
[Black "Lubczynski,R"]
[Result "1/2-1/2"]
[WhiteElo "2389"]
[BlackElo "2347"]

1.e4 d6 2.d4 Nf6 3.Nc3 e5 4.dxe5 dxe5 5.Qxd8+ Kxd8 6.Bg5 Be6 7.O-O-O+ Nd7
8.f4 exf4 9.Nf3 Kc8 10.Bxf4 Ng4 11.Nb5 c6 12.Nc7 Nf2 13.Nxa8 Nxh1 14.Nc7 Nf2
15.Nxe6 fxe6 16.Re1 Bb4 17.Re2 Rf8 18.g3 Bc5 19.e5 h6 20.h4 a5 21.Bg2 Nb6
22.Be3 Bxe3+ 23.Rxe3 Nd5 24.Re2 Ng4 25.Nd4 Kd7 26.Bh3 h5 27.Bxg4 hxg4 28.Re4 c5
29.Ne2 b5 30.Kd2 Rf1 31.a4 b4 32.c4 Ne7 33.Rxg4 Nf5 34.Rg6 Rb1 35.Kc2 Re1
36.Kd2 Rb1 37.Kc2 Re1 38.Kd2  1/2-1/2